000 00871nam a2200277 i 4500
001 000012546
003 DO-SdBNP
005 20240412074233.0
007 ta
008 091113s1999 dr 000 0 spa d
040 _aDO-SdBNP
_bspa
_cBNPHU
_erda
082 4 _aRD863.44
_bM491m
_222
100 1 _aMedina, Oquendo,
_d1955-
_eautor
_914493
245 1 0 _aMi querido amigo nocturno :
_bcuentos /
_cOquendo Medina.
264 _aSanto Domingo :
_bCocolo,
_c1999.
300 _a99 páginas ;
_c21 cm.
336 _2rdacontent
_atexto
_btxt
337 _2rdamedia
_asin mediación
_bn
338 _2rdacarrier
_avolumen
_bnc
500 _aIncluye biografía del autor en la cubierta
590 _aInventariado, 2023 /LP
650 0 _aCuentos dominicanos
_9176
650 0 _aLiteratura dominicana.
_967
910 _aValidado. Control de calidad MFF
942 _2ddc
_cLBS1
999 _c12201
_d12201